Т. 50 : Разработка руд черных и цветных металлов на больших глубинах. Проведение горных выработок; Разработка месторождений твердых полезных ископаемых

Detalles Bibliográficos
Parent link:Разработка месторождений твердых полезных ископаемых/ Академия наук СССР, Всесоюзный институт научной и технической информации. Т. 50 : Разработка руд черных и цветных металлов на больших глубинах. Проведение горных выработок.— , 1963-1992.— 0202-7410
Otros Autores: Боголюбов А. А. (редактор), Богданов Г. И.
Lenguaje:ruso
Publicado: 1990
Materias:
Formato: MixedMaterials Libro
KOHA link:https://koha.lib.tpu.ru/cgi-bin/koha/opac-detail.pl?biblionumber=241638

MARC

LEADER 00000nam2a2200000 4500
001 241638
005 20231101231830.0
035 |a (RuTPU)RU\TPU\book\262914 
090 |a 241638 
100 |a 20130808d1990 k y0rusy50 ca 
101 0 |a rus 
102 |a RU 
105 |a a z 001zy 
200 0 |a Т. 50 : Разработка руд черных и цветных металлов на больших глубинах. Проведение горных выработок  |f под ред. А. А. Боголюбова, Г. И. Богданова 
210 |d 1990 
215 |a 120 с.  |c ил. 
320 |a Библиография в конце статей 
461 1 |0 (RuTPU)RU\TPU\book\176998  |x 0202-7410  |t Разработка месторождений твердых полезных ископаемых  |f Академия наук СССР, Всесоюзный институт научной и технической информации  |v Т. 50 : Разработка руд черных и цветных металлов на больших глубинах. Проведение горных выработок  |d 1963-1992  |s Разработка месторождений твердых полезных ископаемых 
606 1 |a Твердые полезные ископаемые  |x Добыча  |2 stltpush  |3 (RuTPU)RU\TPU\subj\58605  |9 76377 
610 1 |a руды цветных металлов 
610 1 |a руды черных металлов 
610 1 |a разработка 
610 1 |a горные выработки 
610 1 |a зарубежный опыт 
610 1 |a проходка 
610 1 |a оборудование 
675 |a 622.33  |v 3 
702 1 |a Боголюбов  |b А. А.  |4 340 
702 1 |a Богданов  |b Г. И.  |4 340 
801 1 |a RU  |b 63413507  |c 20130808 
801 2 |a RU  |b 63413507  |c 20210218  |g RCR 
942 |c BK